Field experimentation with fruit trees and other perennial plants (Record no. 19565)

MARC details
000 -LEADER
fixed length control field 00350nam a2200121Ia 4500
082 ## - DEWEY DECIMAL CLASSIFICATION NUMBER
Classification number 31:634.1.055
Item number PEA
100 ## - MAIN ENTRY--AUTHOR NAME
Personal name PEARCE, S C
245 #0 - TITLE STATEMENT
Title Field experimentation with fruit trees and other perennial plants
260 ## - PUBLICATION, DISTRIBUTION, ETC. (IMPRINT)
Place of publication England
Name of publisher CAB
Year of publication 1953
650 ## - SUBJECT ADDED ENTRY--TOPICAL TERM
Topical Term Trees field experimentation
942 ## - ADDED ENTRY ELEMENTS (KOHA)
Koha item type Books
Holdings
Withdrawn status Lost status Damaged status Not for loan Home library Current library Date acquired Full call number Accession Number Koha item type
        RRII Library RRII Library 16/12/2021 31:634.1.055 PEA 00299 Books